Statistics for Correct the Spelling #1 (Multiple Choice)

Click here to take the quiz!

General Stats

  • This quiz has been taken 232 times
    (216 since last reset)
  • The average score is 12 of 15

Answer Stats

QuestionAnswer% Correct
doggdog
98%
expirienceexperience
98%
nitrojennitrogen
98%
anounceannounce
97%
Dispense a Bulldispensable
93%
devellopmentdevelopment
92%
amibgiousambiguous
89%
scintilatingscintillating
84%
obsceenobscene
82%
iminenimminent
81%
chivelruschivalrous
80%
grandiosgrandiose
80%
disfunctionaldysfunctional
67%
ordorde
29%
Heart to Findhard-to-find
18%

Score Distribution

Percentile by Number Answered

Percent of People with Each Score

Your Score History

You have not taken this quiz since the last reset